000 00738nam a22002057a 4500
003 OSt
005 20250708021951.0
008 250708b |||||||| |||| 00| 0 eng d
020 _a978971936716
040 _aDWCL - Main lib
_cOC
082 _aFil. 323.4 S211s 2007
100 _aSachez, Bo
245 _a7 secrets to real freedom :
_bhow to stop hidden addiction and achieve great success/
_cBo Sanchez
260 _aQuezon City :
_bSheperd's voice Publishers,
_cc2007.
300 _aiii, 171 pages :
_c22 cm.
650 _a1. Compulsive behavior--Religious aspects--Christianity.
650 _a2. Liberty--Religious aspects--Christianity.
650 _a3. Self--Religion aspects--Christianity.
942 _2ddc
_cBK - FIL
_kFil.
_n0
999 _c3437
_d3437